00924nam a2200301 k 4500001001300000005001500013008004100028020003300069040001900102041001300121049001700134056001100151090001900162100002200181245008200203246005300285260003100338300001600369440002500385500003100410504003000441546004100471653004500512700002200557700001400579900001800593950001100611KMO20260103720260331091117260328s2025 ggk 001 kor a9791169094245g93910c\58000 a146043c1460431 akorheng0 lMEM000012614 a91426 a914b리228ㄷ1 a리드, 앤서니10a대항해시대의 동남아시아d앤서니 리드 지음e박소현 옮김19aSoutheast Asia in the Age of Commerce, 1450-1680 a파주b글항아리c2025 a974p.c22cm00a현대의 고전v20 a원저자명: Anthony Reid a색인(p. 957-974) 수록 a영어 원작을 한국어로 번역 a대항해시대a동남아시아a역사1 a리드, 앤서니1 a박소현10aReid, Anthony0 b\58000 |
|---|